English Monarchs - Statistics

General Stats
  • This quiz has been taken 234 times
  • The average score is 28 of 31
Answer Stats
Reign House Monarch % Correct
1100-1135 Normandy Henry I
97%
1154-1189 Plantegenet Henry II
97%
1216-1272 Plantagenet Henry III
97%
1399-1413 Lancaster Henry IV
97%
1413-1422 Lancaster Henry V
97%
1422-1461, 1470-1471 Lancaster Henry VI
97%
1485-1509 Tudor Henry VII
97%
1509-1547 Tudor Henry VIII
97%
1558-1603 Tudor Elizabeth I
95%
1066-1086 Normandy William I
95%
1086-1100 Normandy William II
95%
1689-1702 Stuart William III
95%
1625-1649 Stuart Charles I
91%
1660-1685 Stuart Charles II
91%
1272-1307 Plantagenet Edward I
91%
1307-1327 Plantagenet Edward II
91%
1327-1377 Plantagenet Edward III
91%
1461-1470, 1471-1483 York Edward IV
91%
1483 York Edward V
91%
1547-1553 Tudor Edward VI
91%
1553-1558 Tudor Mary I
89%
1689-1694 Stuart Mary II
89%
1189-1199 Plantagenet Richard I
89%
1377-1399 Plantagenet Richard II
89%
1483-1485 York Richard III
89%
1199-1216 Plantagenet John
88%
1603-1625 Stuart James I
87%
1685-1688 Stuart James II
87%
1702-1707 Stuart Anne
86%
1135-1154 Blois Stephen
78%
1553 Tudor Jane
68%
No matching quizzes found
Score Distribution
Percent of People with Each Score
Percentile by Number Answered
Your Score History
You have not taken this quiz